00547nam a2200169Ia 4500100003600000650001500036942000700051366000700058654001600065245006100081260002100142082001300163300000800176546002500184999001700209952015100226 aChaudhry/Arijay/ Deshpande/P.S  aDatamining cBK f25 adataanalyis aMultidimensional Data analysis and datamining:Black Book bDream techc2009 a4.6bCHA a461 aENGLISHcelectronics c22548d22548 001040708CRCaCRCEbCRCEd2023-03-17eProfessional Book Houseg374.25i47 dt 14/08/2010l0o4.6 CHAp20767r2023-03-17v499.00w0000-00-00yBK